Filamentation of Current-Carrying Plasma Shells; Russian Physics Journal; Vol. 62, iss. 11

Dades bibliogràfiques
Parent link:Russian Physics Journal
Vol. 62, iss. 11.— 2020.— [P. 2063-2068]
Autor corporatiu: Национальный исследовательский Томский политехнический университет Инженерная школа неразрушающего контроля и безопасности Отделение контроля и диагностики
Altres autors: Oreshkin V. I. Vladimir Ivanovich, Baksht R. B. Rina Borisovna, Zhigalin A. S. Aleksandr Sergeevich, Oreshkin E. V. Evgeny Vladimirovich, Russkikh A. G. Aleksandr Gennadievich
Sumari:Title screen
Magnetohydrodynamic instabilities of various types develop in the current-carrying plasma. One type of instability is the formation of filaments – individual current channels. In this paper, based on the methods of small perturbation theory, we analyze the development of thermal instabilities leading to the formation of filaments. Theoretical results are compared with experimental data on compression of plasma-puff liners obtained on an IMRI-5 generator.
Режим доступа: по договору с организацией-держателем ресурса
Idioma:anglès
Publicat: 2020
Matèries:
Accés en línia:https://doi.org/10.1007/s11182-020-01946-3
Format: Electrònic Capítol de llibre
KOHA link:https://koha.lib.tpu.ru/cgi-bin/koha/opac-detail.pl?biblionumber=665978

MARC

LEADER 00000naa0a2200000 4500
001 665978
005 20250211164555.0
035 |a (RuTPU)RU\TPU\network\37182 
035 |a RU\TPU\network\34016 
090 |a 665978 
100 |a 20211125d2020 k||y0rusy50 ba 
101 0 |a eng 
102 |a US 
135 |a drnn ---uucaa 
181 0 |a i  
182 0 |a b 
200 1 |a Filamentation of Current-Carrying Plasma Shells  |d Филаментация токонесущих плазменных оболочек  |f V. I. Oreshkin, R. B. Baksht, A. S. Zhigalin [et al.] 
203 |a Text  |c electronic 
300 |a Title screen 
320 |a [References: 27 tit.] 
330 |a Magnetohydrodynamic instabilities of various types develop in the current-carrying plasma. One type of instability is the formation of filaments – individual current channels. In this paper, based on the methods of small perturbation theory, we analyze the development of thermal instabilities leading to the formation of filaments. Theoretical results are compared with experimental data on compression of plasma-puff liners obtained on an IMRI-5 generator. 
333 |a Режим доступа: по договору с организацией-держателем ресурса 
461 |t Russian Physics Journal 
463 |t Vol. 62, iss. 11  |v [P. 2063-2068]  |d 2020 
510 1 |a Филаментация токонесущих плазменных оболочек  |z rus 
610 1 |a электронный ресурс 
610 1 |a труды учёных ТПУ 
610 1 |a filaments 
610 1 |a plasma-puff liner 
610 1 |a high-current generator 
610 1 |a волокна 
610 1 |a плазменные волноводы 
610 1 |a сильноточные генераторы 
701 1 |a Oreshkin  |b V. I.  |c specialist in the field of non-destructive testing  |c Senior researcher of Tomsk Polytechnic University, Doctor of physical and mathematical sciences  |f 1960-  |g Vladimir Ivanovich  |3 (RuTPU)RU\TPU\pers\33779 
701 1 |a Baksht  |b R. B.  |g Rina Borisovna 
701 1 |a Zhigalin  |b A. S.  |g Aleksandr Sergeevich 
701 1 |a Oreshkin  |b E. V.  |g Evgeny Vladimirovich 
701 1 |a Russkikh  |b A. G.  |g Aleksandr Gennadievich 
712 0 2 |a Национальный исследовательский Томский политехнический университет  |b Инженерная школа неразрушающего контроля и безопасности  |b Отделение контроля и диагностики  |3 (RuTPU)RU\TPU\col\23584 
801 2 |a RU  |b 63413507  |c 20211125  |g RCR 
856 4 |u https://doi.org/10.1007/s11182-020-01946-3 
942 |c CF